Slnečná energia

Bibliographic Details
Main Author: Novák, Milan (Author)
Format: Article
Language:Slovak
ISBN:8023103407

MARC

LEADER 00000naa a2200000uu 4500
001 vtls011033856
003 SK-MaSNL
005 20260302124753.0
008 210907|1999 xo |||||||||||||||||slo|
015 |a SNBRA 
035 |a (urnnbn)urn:nbn:sk:snk:ar-008sdb 
035 |a (uuid)20713c1f-481e-4093-9916-9440bee808ff 
035 |a urn:nbn:sk:snk-aauo86 
040 |a SNKBUCL  |b slo  |c SNKBUCL  |e AACR2 
041 0 |a slo 
044 |a xo  |c SK 
100 1 |a Novák, Milan  |4 aut  |9 155039 
245 1 0 |a Slnečná energia  |c Milan Novák 
773 0 |t Obnoviteľné energetické zdroje  |d Žilina : Dom techniky ZSVTS, 1999, 1999  |g S. 31-36  |z 8023103407 
958 |a OND 
958 |a article12 
958 |a chapter 
999 |c 1290004  |d 1291934